Digitálny generátor harmonických zvukových signálov

Saved in:
Bibliographic Details
Main Author: Mihál, Matej, 1987- (Author)
Other Authors: Kubinec, Peter, 1966- (Thesis advisor)
Format: Manuscript Book
Language:Slovak
Published: Bratislava : STU v Bratislave FEI, 2013
Subjects:
Online Access:VAIS
Tags: Add Tag
No Tags, Be the first to tag this record!

MARC

LEADER 00000ntm a22000003a 4500
001 stu270529
005 20150617230234.7
008 130709s2013----xo------------------slo-d
040 |a STU  |b slo 
041 0 |a slo 
044 |a xo 
100 1 |a Mihál, Matej,  |d 1987-  |4 aut  |u E  |T FEI Fakulta elektrotechniky a informatiky  |X 51356  |U E  |Y 30  |7 A000051356 
242 0 0 |a Digital generator of harmonic sound signals  |y eng 
245 1 |a Digitálny generátor harmonických zvukových signálov  
260 |a Bratislava :  |b STU v Bratislave FEI,  |c 2013 
300 |a 68 s  |c CD-ROOM 
650 7 |a Rádioelektronika  |2 stusub 
650 7 |a Radioelectronics  |2 estusub 
700 1 |a Kubinec, Peter,  |d 1966-  |4 ths  |u E030  |U FEI Fakulta elektrotechniky a informatiky  |T FEI Ústav elektroniky a fotoniky  |X 2052  |U E030  |Y 549  |7 A000002052 
856 4 |a info a plný text  |u http://is.stuba.sk/zp/portal_zp.pl?podrobnosti=89330  |3 VAIS 
996 |b 284EP10418  |c E*DIPL-10418  |l EE33  |s P  |a 0  |w stu270529_0001